000 00706nam a2200205 i 4500
001 54187
003 ES-MaACL
005 20250815063220.0
007 t|
008 960716q1873 fr a |||| | fre d
040 _aCAM
_bspa
_cCAM
100 1 _aFiguier, Louis,
_d1819-1894
_950814
245 1 4 _aLes merveilles de l'industrie ou Description des principales industries modernes /
_cpar Louis Figuier.
246 3 3 _aDescription des principales industries modernes
260 _aParis :
_bFurne, Jouvet et Cie.,
_c[1873?] (
_eCorbeil :
_fTyp. et stér. de Crété fils)
300 _a4 v. ;
_c28 cm.
650 0 4 _aInventos.
_913884
852 _aES-MaACL
_jG-11838-41
999 _c54187
_d54187